Movies Quiz - Statistics

General Stats
  • This quiz has been taken 710 times
    706 since last reset
  • The average score is 20 of 30
Answer Stats
Hint Year Answer % Correct
Blue people, unobtanium, box office success 2009 Avatar
90%
Jessie Eisenberg, Facebook, the Winklevoss twins 2010 The Social Network
87%
Alfred Hitchcock, serial killer, shower murder scene 1960 Psycho
85%
John Travolta, reciting bible verses, Big Kahoona Burger 1994 Pulp Fiction
84%
Mockumentary, make benefit for glorious nation of Kazakhstan 2006 Borat
82%
The first rule = the second rule, Where is my Mind, David Fincher 1999 Fight Club
81%
Jordan Belford, qualudes, New York stock market broker 2013 The Wolf of Wall Street
81%
"Here's Jonny!" 1980 The Shinning
80%
Only foreign language film to win best picture at the Oscars, Bong Joon Ho, South Korea 2019 Parasite
78%
Vegas baby, Ken Jeong, stolen tiger 2009 The Hangover
77%
Tim Robbins, Ellis "Red" Redding, prison film 1994 The Shawshank Redemption
75%
Martin Scorsese, Joe Pesci, "As far back as I can remember, I always wanted to be a gangster" 1990 GoodFellas
74%
Morgan Freeman, police investigation, "Whats in the box" 1995 Se7en
74%
Keanu Reeves, bomb on a buss, Oscar for best sound mixing 1994 Speed
73%
Jaimie Foxx, blind musician, drug addictions 2004 Ray
71%
Quest for the holy grail, European swallow vs African swallow, "Tis merely a flesh wound!" 1975 Monty Python and the Holy Grail
69%
Orson Welles, rosebud, considered as the best film ever made 1941 Citizen Kane
66%
Alternate history, Brad Pitt, murder of Hitler 2009 Inglorious Bastards
65%
Unlikely cop duo, high school drug ring, Dave Franco 2012 21 Jump Street
62%
Heavy Boston accents, dramatic Robin Williams, "How do you like dem apples?" 1997 Good Will Hunting
62%
Like a Virgin discussion, undercover cop, Quentin Tarantino 1992 Reservoir Dogs
58%
Leonardo DiCaprio, Sharon Tate, "I am the devil" 2019 Once Upon a Time in Hollywood
57%
Michael Cera, fake id, fun cops 2007 Superbad
57%
Dramatic Jim Carrey, mind erasing, Clementine Krucynski 2004 Eternal Sunshine of the Spotless Mind
56%
Jazz drummer, Terrence Fletcher, story about Charlie Parker and Joe Jones 2014 Whiplash
53%
Baxter, channel 7 news, that escalated quickly 2004 Anchorman
51%
James Franco, reporters, journey to North Korea 2014 The Interview
47%
Mafia movie, Robert De Niro, Nicky Santoro 1995 Casino
45%
Drug deal gone bad, high stakes coin toss, Anton Chigurh 2007 No Country for Old Men
45%
FBI, Gimme Shelter, heavier Boston accent 2006 The Departed
43%
No matching quizzes found
Score Distribution
Percent of People with Each Score
Percentile by Number Answered
Your Score History
You have not taken this quiz since the last reset